Asymptotic methods in mechanics of solids = (Record no. 22254)

MARC details
000 -LEADER
fixed length control field 03226cam a2200421 i 4500
001 - CONTROL NUMBER
control field 18586283
003 - CONTROL NUMBER IDENTIFIER
control field EG-ScBUE
005 - DATE AND TIME OF LATEST TRANSACTION
control field 20241008145340.0
008 - FIXED-LENGTH DATA ELEMENTS--GENERAL INFORMATION
fixed length control field 150422t2015 sz a f b 001 0 eng d
020 ## - INTERNATIONAL STANDARD BOOK NUMBER
International Standard Book Number 9783319183107
020 ## - INTERNATIONAL STANDARD BOOK NUMBER
International Standard Book Number 3319183109
035 ## - SYSTEM CONTROL NUMBER
System control number (OCoLC)ocn913720152
040 ## - CATALOGING SOURCE
Original cataloging agency CDX
Language of cataloging eng
Description conventions rda
Transcribing agency CDX
Modifying agency EG-ScBUE
041 1# - LANGUAGE CODE
Language code of text/sound track or separate title eng
Language code of original and/or intermediate translations of text rus
082 04 - DEWEY DECIMAL CLASSIFICATION NUMBER
Edition number 22
Classification number 515.35
Item number ASY
245 00 - TITLE STATEMENT
Title Asymptotic methods in mechanics of solids =
Remainder of title Asimptoticheskie metody v mekhanike tverdogo tela /
Statement of responsibility, etc Svetlana M. Bauer [and four others]
246 31 - VARYING FORM OF TITLE
Title proper/short title Asimptoticheskie metody v mekhanike tverdogo tela
264 #1 - PUBLICATION, DISTRIBUTION, ETC. (IMPRINT)
Place of publication, distribution, etc Cham, Switzerland :
Name of publisher, distributor, etc Birkhäuser / Springer International Publishing,
Date of publication, distribution, etc [2015]
264 #4 - PUBLICATION, DISTRIBUTION, ETC. (IMPRINT)
Date of publication, distribution, etc c2015
300 ## - PHYSICAL DESCRIPTION
Extent xxi, 325 pages :
Other physical details illustrations ;
Dimensions 24 cm.
336 ## - CONTENT TYPE
Source rdacontent
Content type term text
Content type code txt
337 ## - MEDIA TYPE
Media type term unmediated
Source rdamedia
Media type code n
338 ## - CARRIER TYPE
Carrier type term volume
Carrier type code nc
Source rdacarrier
490 0# - SERIES STATEMENT
Series statement International series of numerical mathematics,
International Standard Serial Number 0373-3149 ;
Volume number/sequential designation volume 167
504 ## - BIBLIOGRAPHY, ETC. NOTE
Bibliography, etc Includes bibliographical references and index.<br/>
505 0# - FORMATTED CONTENTS NOTE
Formatted contents note Asymptotic estimates -- Asymptotic estimates for integrals -- Regular perturbation of ordinary differential equations -- Singularly perturbed linear ordinary differential equations -- Singularly perturbed linear ordinary differential equations with turning points -- Asymptotic integration of nonlinear differential equations.
520 ## - SUMMARY, ETC.
Summary, etc The construction of solutions of singularly perturbed systems of equations and boundary value problems that are characteristic for the mechanics of thin-walled structures are the main focus of the book. The theoretical results are supplemented by the analysis of problems and exercises. Some of the topics are rarely discussed in the textbooks, for example, the Newton polyhedron, which is a generalization of the Newton polygon for equations with two or more parameters. After introducing the important concept of the index of variation for functions special attention is devoted to eigenvalue problems containing a small parameter. The main part of the book deals with methods of asymptotic solutions of linear singularly perturbed boundary and boundary value problems without or with turning points, respectively. As examples, one-dimensional equilibrium, dynamics and stability problems for rigid bodies and solids are presented in detail. Numerous exercises and examples as well as vast references to the relevant Russian literature not well known for an English speaking reader makes this a indispensable textbook on the topic. --
650 #7 - SUBJECT ADDED ENTRY--TOPICAL TERM
Topical term or geographic name as entry element Mathematical physics
General subdivision Asymptotic theory.
Source of heading or term BUEsh
9 (RLIN) 40931
650 #7 - SUBJECT ADDED ENTRY--TOPICAL TERM
Topical term or geographic name as entry element Singular perturbations (Mathematics).
Source of heading or term BUEsh
9 (RLIN) 40932
650 #7 - SUBJECT ADDED ENTRY--TOPICAL TERM
Topical term or geographic name as entry element Differential equations
General subdivision Asymptotic theory.
Source of heading or term BUEsh
9 (RLIN) 36430
651 ## - SUBJECT ADDED ENTRY--GEOGRAPHIC NAME
Source of heading or term BUEsh
653 ## - INDEX TERM--UNCONTROLLED
Resource For college Engineering, Electrical
Arrived date list August 2016
655 ## - INDEX TERM--GENRE/FORM
Form subdivision Reading book
700 1# - ADDED ENTRY--PERSONAL NAME
Personal name Bauer, Svetlana M.,
Relator term author.
9 (RLIN) 40930
856 ## - ELECTRONIC LOCATION AND ACCESS
Host name Springer Link E-books
Electronic format type E-book
Uniform Resource Identifier <a href="http://link.springer.com/book/10.1007/978-3-319-18311-4">http://link.springer.com/book/10.1007/978-3-319-18311-4</a>
Link text Full text available on campus access
856 ## - ELECTRONIC LOCATION AND ACCESS
Host name Springer Link E-books
Electronic format type E-book
Uniform Resource Identifier <a href="http://41.33.243.106:2048/login?url=http://link.springer.com/book/10.1007/978-3-319-18311-4">http://41.33.243.106:2048/login?url=http://link.springer.com/book/10.1007/978-3-319-18311-4</a>
Link text Full text available off campus access
942 ## - ADDED ENTRY ELEMENTS (KOHA)
Source of classification or shelving scheme Dewey Decimal Classification
Koha item type Book - Borrowing
Holdings
Withdrawn status Lost status Source of classification or shelving scheme Damaged status Not for loan Collection code Home library Current library Shelving location Date acquired Source of acquisition Cost, normal purchase price Serial Enumeration / chronology Total Checkouts Full call number Barcode Date last seen Cost, replacement price Price effective from Koha item type
    Dewey Decimal Classification     Academic Bookshop Central Library Central Library First floor 28/08/2016 Purchase 1045.00 9155   515.35 ASY 000033184 15/07/2025 1306.25 28/08/2016 Book - Borrowing